000 00332nam a22001337a 4500
008 171012b xxu||||| |||| 00| 0 eng d
020 _a9780131703476
041 _aeng
080 _a316
100 _a50
101 _aSOC
245 _aCRITICAL THINKINKING LEARN THE TOOLL BEST THINKERS USE
_cPAUL.R
942 _2udc
_cBK
999 _c33332
_d33332